<?xml version="1.0" encoding="UTF-8"?>
<marc:record xmlns:marc="http://www.loc.gov/MARC21/slim">
   <marc:leader>00000nam a2200000 a 4500</marc:leader>
   <marc:datafield ind1="0" ind2="0" tag="245">
      <marc:subfield code="a">Coco</marc:subfield>
   </marc:datafield>
   <marc:datafield ind1="0" ind2="0" tag="245">
      <marc:subfield code="b">; Lebendiger als das Leben!</marc:subfield>
   </marc:datafield>
   <marc:datafield ind1=" " ind2="1" tag="264">
      <marc:subfield code="b">Disney Pixar</marc:subfield>
      <marc:subfield code="c">2017</marc:subfield>
   </marc:datafield>
   <marc:datafield ind1="1" ind2=" " tag="520">
      <marc:subfield code="a">Die Macht einer geheimnisvollen Gitarre und der neugierige Hund Dante entführen uns in aufregende, unbekannte Welten, die ein Füllhorn an schrägen Typen, mitreißender Musik und Slapstick geladenen Begegnungen bereit halten und dabei einige altbekannte Mythen ziemlich auf den Kopf stellenà Im wahrsten Sinne des Wortes: Zum Totlachen!</marc:subfield>
   </marc:datafield>
</marc:record>
